000 00516nam a22001817a 4500
003 CEME
005 20210628203511.0
008 210115b xxu||||| |||| 00| 0 eng d
020 _a0-07-245903-4
040 _c.
082 _a005.133 BAR
100 _aBradley, Julia Case, Millspaugh, Anita C
_964075
245 _aProgramming in visual basic .net
260 _aUSA
_bMCGRAW HILL
_c2005
300 _aXXIII, 600P
650 _aMICROSOFT VISUAL BASIC .BASIC -COMPUTER PROGRAM LANGUAGE
_965851
942 _cBK
_2ddc
999 _c573944
_d573944